000 01169nam2a22002771 4500
001 v19\rc\2073984
005 20250620042638.0
035 _a(NLR Aleph) 005171138
090 _a5070656
_c5070656
100 _a20081218d1916 |||y0rusy50 ca
101 1 _arus
_cben
_cben
102 _aRU
105 _ay z |||||
200 1 _a1. Лирика любви и жизни. (Садовник)
_a2. Читра
_fПер. В. Спасской
210 _d[1916]
_aБ. м.
215 _a191 с.
300 _aОбщ. загл. отсутствует
461 0 _1001v19\rc\2073981
_12001#$aСобрание сочинений$fРабиндранат Тагор$v[Кн. 3]
_1700#1$aТагор$bР.$f1861-1941$gРабиндранат
_95070633
_aТагор, Р. (1861-1941)
_cМосква
_d[1916]-[1917]
_e2-е изд. Кн. 1-
_fРабиндранат Тагор
_nСоврем. проблемы
_tСобрание сочинений
_v[Кн. 3]
517 0 _aЛирика любви и жизни
517 0 _aСадовник
517 0 _aЧитра
801 0 _aRU
_bNLR
_gpsbo
801 1 _aRU
_bProSoft-M
_2rusmarc
852 _aNLR
_j37.66.2.80(3)
942 _cBOOK
980 _aNB